PV Handbook of Professional Trends and Adjustment (Record no. 157211)

MARC details
000 -LEADER
fixed length control field 00368nam a2200133Ia 4500
008 - FIXED-LENGTH DATA ELEMENTS--GENERAL INFORMATION
fixed length control field 230411s9999 xx 000 0 und d
041 ## - LANGUAGE CODE
Language code of text/sound track or separate title eng
082 ## - DEWEY DECIMAL CLASSIFICATION NUMBER
Classification number AD/610.69/GUP/B07007
100 ## - MAIN ENTRY--PERSONAL NAME
Personal name Gupta R K
9 (RLIN) 116369
245 ## - TITLE STATEMENT
Title PV Handbook of Professional Trends and Adjustment
260 ## - PUBLICATION, DISTRIBUTION, ETC. (IMPRINT)
Name of publisher, distributor, etc. S Vikas and Co
Place of publication, distribution, etc. Jalandhar
Date of publication, distribution, etc. 2011
300 ## - PHYSICAL DESCRIPTION
Extent 120p
Holdings
Withdrawn status Lost status Damaged status Not for loan Collection code Home library Current library Date acquired Vendor Cost, normal purchase price Bill number Total Checkouts Full call number Barcode Date last seen Cost, replacement price Bill Date Koha item type Original Barcode
          Smt. Bakul Tambat Institute of Nursing Education Smt. Bakul Tambat Institute of Nursing Education 08/02/2012 S Vikas and Co 125.00 885   AD 610.69 GUP B07007 BTIN-BK-7007 11/04/2023 94.00 08/02/2012 Books B07007